000 01032cam a2200253 a 4500
001 3560817
005 20250901133353.0
008 980623s1998 caua 001 0ceng
020 _a0787941751
_qcloth : alk. paper
020 _a9780787941758
_q(cloth : alk. paper)
050 0 0 _aHQ1412
_b.T78 1998
082 0 0 _a305.4/092/273
_221
245 0 0 _aTrue to ourselves :
_ba celebration of women making a difference /
_cedited by Nancy M. Neuman.
260 _aSan Francisco :
_bJossey-Bass Publishers,
_cc1998.
300 _axx, 246 p. :
_bill. ;
_c24 cm.
500 _aIncludes index.
650 0 _aWomen
_zUnited States
_xBiography.
650 0 _aWomen
_zUnited States
_xHistory.
700 1 _aNeuman, Nancy M.,
_d1936-
856 4 2 _3Contributor biographical information
_uhttp://www.loc.gov/catdir/bios/wiley042/98025436.html
856 4 2 _3Publisher description
_uhttp://www.loc.gov/catdir/description/wiley034/98025436.html
856 4 _3Table of Contents
_uhttp://www.loc.gov/catdir/toc/onix06/98025436.html
942 _2lcc
_cBK
_n0
999 _c7414
_d7414